000 02735cgm a2200517Ia 4500
001 38354
005 20230410123815.0
007 vd cvaizq
008 981020p19981991cau135 vleng d
035 _a(OCoLC)ocm40141988
040 _aIAM
_cIAM
_dOCL
_dONU
_dRCS
020 _a0783223609 :
_c$24.95
020 _a9780783223605
028 4 0 _a20041
_bDVD video
035 _a(OCoLC)40141988
050 1 4 _aCM DVD 00277
041 1 _aeng
_beng
_bspa
_heng
082 0 4 _a791.43/72
_222
049 _aGRAL
245 0 0 _aBackdraft
_h[videorecording] /
_cImagine Films Entertainment.
260 _aUniversal City, CA :
_bUniversal Home Video,
_cc1991, 1998.
300 _a1 videodisc (135 min.) :
_bsd., col. ;
_c4 3/4 in.
538 _aDVD, region 1, widescreen presentation; Dolby Digital 5.1 surround, Dolby Digital surround.
546 _aEnglish dialogue, Spanish subtitles; closed-captioned.
511 1 _aKurt Russell, William Baldwin, Scott Glen, Jennifer Jason Leigh, Rebecca DeMornay, Donald Sutherland, Robert DeNiro.
508 _aMusic, Hans Zimmer ; music supervisors, Becky Mancuso and Tim Sexton ; associate producer, Todd Hallowell ; co-producer, Larry DeWaay ; executive producers, Brian Glazer and Raffaella DeLaurentiis ; film editors, Daniel Hanley and Michael Hill ; production designer, Albert Brenner ; director of photography, Mikael Salomon ; writer, Gregory Widen ; producers, Richard B. Lewis, Pen Densham and John Watson ; director, Ron Howard.
521 8 _aRated R.
520 _aStephen McCaffrey and his younger brother Brian are two feuding siblings carrying on an heroic family tradition in the Chicago fire department. Stephen is so relentless that he drives Brian out of firefighting and into arson investigation. Assisting arson investigator Donald Rimgale, Brian becomes involved in a puzzling series of arson attacks, each ignited by explosive phenomena known as backdrafts. Before the smoke clears, love affairs are rekindled and lives are shattered as the McCaffrey brothers fight to resolve their differences and solve the mystery.
500 _aFor specific features see interactive menu.
650 0 _aFire fighters
_vDrama.
650 0 _aFire extinction
_vDrama.
650 0 _aBrothers
_vDrama.
650 7 _aBomberos
_vTeatro.
_2bidex
650 7 _aIncendios
_xExtinciâon
_vTeatro.
_2bidex
650 7 _aHermanos (Varones)
_vTeatro.
_2bidex
655 0 _aFeature films.
655 0 _aAdventure films.
700 1 _aRussell, Kurt.
700 1 _aBaldwin, William,
_d1963-
700 1 _aGlenn, Scott,
_d1942-
700 1 _aDe Niro, Robert.
700 1 _aZimmer, Hans.
710 2 _aUniversal Studios Home Video (Firm)
942 _2lcc
_cdvd
994 _aC0
_bDRFGD
999 _c66693
_d66693